| 000 | 01017cam a2200241 4500 | ||
|---|---|---|---|
| 008 | 050106n2002 000 0 eng u | ||
| 020 | _a1860815766 | ||
| 035 | _a(Sirsi) u128461 | ||
| 041 | _aeng. | ||
| 050 |
_a691 _c18 |
||
| 100 | _aStirling, C. | ||
| 245 |
_aAssessing moisture in building materials _bpart 3 - interpreting moisture data |
||
| 260 |
_aWatford _bBRE _c2002 |
||
| 300 |
_a6p. _c30cm. |
||
| 490 |
_aBRE Good Repair Guide _v33 Part 3 |
||
| 520 | _aProvides building professionals with examples of analytical techniques which could be used to supplement visual information in the identification of moisture problems. The number of techniques is large so only a limited number can be reviewed. Part three gives advice on how to interpret the data from moisture and environmental data. | ||
| 650 | _aBUILT ENVIRONMENT-BUILDING MATERIALS | ||
| 650 | _aDAMP | ||
| 650 | _aMOISTURE | ||
| 690 | _aBUILT ENVIRONMENT-BUILDING MATERIALS | ||
| 710 | _aBuilding Research Establishment | ||
| 942 | _n0 | ||
| 999 |
_c103916 _d103916 |
||